The complete works of Aristotle
Saved in:
| Main Authors: | , |
|---|---|
| Format: | Bog |
| Sprog: | engelsk |
| Udgivet: |
Princeton
Princeton University Press
1985
|
| Udgivelse: | 2a. ed |
| Serier: | Bollingen Series LXXI, 2
|
| Fag: | |
| Tags: |
Tilføj Tag
Ingen Tags, Vær først til at tagge denne postø!
|
MARC
| LEADER | 00000nam a2200000 a 4500 | ||
|---|---|---|---|
| 001 | UCY7023 | ||
| 003 | CL-VaPUC | ||
| 008 | 950602e19850000US |||||||||||||||||eng|d | ||
| 082 | 0 | 4 | |a 185 |b ARI |2 21 |
| 100 | |a Aristóteles, |d 384 a.C.- 322 a.C. |e author |9 194 | ||
| 700 | 0 | |a Barnes, Jonathan |e author |9 337292 | |
| 245 | 1 | 4 | |a The complete works of Aristotle |
| 250 | |a 2a. ed | ||
| 300 | |a v | ||
| 942 | |c BK | ||
| 945 | |d 19950602 00:00:00 |a oaravena | ||
| 260 | |a Princeton |b Princeton University Press |c 1985 | ||
| 650 | 0 | |a Filosofía |9 223554 | |
| 650 | 0 | |a Filosofía antigua |9 255705 | |
| 650 | 7 | |a TOPICOS |2 CL-VaPUC |9 337293 | |
| 650 | 0 | |a Física |9 227844 | |
| 650 | 0 | |a Cosmología |9 269138 | |
| 650 | 0 | |a Metafísica |9 265649 | |
| 650 | 0 | |a Ética |9 255099 | |
| 650 | 0 | |a Virtud y vicio |9 310637 | |
| 650 | 0 | |a Política |9 255312 | |
| 650 | 0 | |a Economía |9 255568 | |
| 650 | 0 | |a Retórica |9 266620 | |
| 651 | 0 | |a Grecia |9 265314 | |
| 583 | |a last modification |c 20120828 10:42:56 |k Rodrigo Vera | ||
| 490 | 0 | |a Bollingen Series LXXI, 2 | |
| 999 | |c 234498 |d 234496 | ||
| 952 | |0 0 |1 0 |4 0 |6 185_000000000000000_ARI_1985 |7 0 |8 P |9 240921 |a BIBEDU |b BIBEDU |c BIBEDU_PB |d 2019-11-18 |h v.1 |i 1514415 |l 1 |o 185 ARI 1985 |p 1514415 |r 2024-01-25 |s 2022-10-24 |w 2019-11-18 |y BK |k FIL | ||
| 952 | |0 0 |1 0 |4 0 |6 185_000000000000000_ARI_1985 |7 0 |8 P |9 240922 |a BIBEDU |b BIBEDU |c BIBEDU_PB |d 2019-11-18 |h v.2 |i 1514423 |o 185 ARI 1985 |p 1514423 |r 2024-01-25 |w 2019-11-18 |y BK |k FIL | ||